| 000 | 00783 a2200205 4500 | ||
|---|---|---|---|
| 003 | Nust | ||
| 005 | 20221221085710.0 | ||
| 010 | _a 86081355 | ||
| 020 | _a0669104264 (pbk.) | ||
| 040 | _cNust | ||
| 082 | 0 | 0 | _a320.9730519,WIL |
| 100 | 1 |
_aWilson, James Q. _964449 |
|
| 245 | 1 | 0 |
_aAmerican government / _cJames Q. Wilson. |
| 250 | _a 5th ed. | ||
| 260 |
_aIslamabad. : _bNational BooK Foundations _cc1987. |
||
| 300 |
_a 665, p. : _bill. ; _c24 cm. |
||
| 505 | _aThe Study of American Government (Page-2), Opinions interests and Organization (Page-92), Institution of Government (Page-264), The Politics of Public Policy (Page-224), The Nature of American Democracy (Page-608). | ||
| 651 | 0 |
_aUnited States _xPolitics and government. _98166 |
|
| 942 |
_2ddc _cBK _k320.9730519,WIL |
||
| 999 |
_c178664 _d178664 |
||